Přístrojové aplikace mikropočítačů

Gespeichert in:
Bibliographische Detailangaben
1. Verfasser: Skalický, Petr (Verfasst von)
Format: Buch
Sprache:Tschechisch
Veröffentlicht: Praha : České vysoké učení technické v Praze, 2004
Schlagworte:
Tags: Tag hinzufügen
Keine Tags, Fügen Sie das erste Tag hinzu!

MARC

LEADER 00000nam a22000003a 4500
001 stu106821
005 20150617225854.2
008 060206s2004----xr------------------cze-d
020 |a 80-01-03111-X 
040 |a STU  |b slo 
041 0 |a cze 
044 |a xr 
080 |a 004.382.7 
100 1 |a Skalický, Petr  |4 aut 
245 1 |a Přístrojové aplikace mikropočítačů 
260 |a Praha :  |b České vysoké učení technické v Praze,  |c 2004 
300 |a 169 s 
650 7 |a mikropočítače  |2 stusub 
996 |b 284EK86873  |c E*86873  |l EE12  |s P  |a 0  |w stu106821_0001 
996 |b 284EK85922  |c E*85922  |l EE01  |s A  |a 24  |w stu106821_0002